000 00847nas a2200289 4500
001 BR0301852
003 BR-BrBNA
005 20231205103708.0
007 ta
008 230509b bl.|||p| |||| 00| 00por d
040 _aBR-BrBNA
_bpor
_cBiblioteca Nacional de Agricultura
041 _a(Pt)
072 _aF02
100 1 _aOliveira, I.V. de M.
100 1 _aDamião Filho, C.F.
100 1 _aCarvalho, S.A. de
245 1 _aEnxertia em citros por substituição de ápice caulinar
650 _aLARANJA VALÊNCIA
650 _aLIMÃO CRAVO
650 _aTANGERINA
650 _aENXERTO
650 _aPORTA ENXERTO
650 _aSÃO PAULO
773 0 _tRevista Brasileira de Fruticultura (Brazil)
_xISSN 0100-2945
_g(Dec 2002), v. 24(3) p. 744-747
_wBR0301852
909 _a202311
_bLúcia
_c55
_dLúcia Elande
942 _2AGRIS
_n0
_cANA
999 _c174253
_d174253